Obchodná technológia - veľkoobchod vybrané problémy

Enregistré dans:
Détails bibliographiques
Auteur principal: Dzurová, Mária
Collectivité auteur: Ekonomická univerzita v Bratislave. Obchodná fakulta
Format: Livre
Langue:slovaque
Publié: Bratislava Vydavateľstvo EKONÓM 2004
Sujets:
Tags: Ajouter un tag
Pas de tags, Soyez le premier à ajouter un tag!

MARC

LEADER 00000nam$a2200000$$$4500
001 0013548
005 20240502071358.7
020 |a 80-225-1847-6 
041 0 |a slo 
044 |a SK 
245 1 0 |a Obchodná technológia - veľkoobchod  |b vybrané problémy  |c Mária Dzurová 
264 1 |a Bratislava  |b Vydavateľstvo EKONÓM  |c 2004 
300 |a 140 s. 
610 2 0 |a obchod 
610 2 0 |a veľkoobchod 
610 2 0 |a technológie obchodné 
610 2 0 |a sklady 
610 2 0 |a tovar 
610 2 0 |a obaly 
610 2 0 |a doprava 
610 2 0 |a systémy informačné 
610 2 0 |a škody 
610 2 0 |a štúdie prípadové 
100 1 |a Dzurová, Mária 
710 2 |a Ekonomická univerzita v Bratislave. Obchodná fakulta